| 000 | 00822aam a2200313a 44500 | ||
|---|---|---|---|
| 008 | 930106s1987 cat | ||
| 017 | _aL-234-1987 | ||
| 020 | _a8486387302 | ||
| 041 | _acat | ||
| 080 | _a929.6(038) | ||
| 100 |
_aFluvià i Escorsa, Armand de _966296 |
||
| 245 | _aDiccionari heràldic: Índex de les càrregues heràldiques dels escuts de l'Adarga Catalana | ||
| 245 | _cArmand de Fluvià i Escorsa | ||
| 260 | _aLleida | ||
| 260 | _bVirgili i Pagès | ||
| 260 | _c1987 | ||
| 300 |
_a139 p. _c17 cm |
||
| 520 | _aaprox. 300 | ||
| 591 | _a2649 | ||
| 592 | _aObra terminològica | ||
| 593 | _aPJ | ||
| 594 | _a2649 | ||
| 650 |
_aheràldica _966297 |
||
| 901 | _c<1987> | ||
| 902 | _a930106 | ||
| 942 |
_cMO _n0 |
||
| 999 |
_c55215 _d55215 |
||